| 000 | 00471nam a2200169Ia 4500 | ||
|---|---|---|---|
| 999 |
_c14003 _d14003 |
||
| 003 | OSt | ||
| 005 | 20201028123522.0 | ||
| 008 | 190216s9999||||xx |||||||||||||| ||und|| | ||
| 040 | _coclc | ||
| 082 |
_a823 _bMEH/I |
||
| 100 |
_a Mehta, Rama _96147 |
||
| 245 | 0 |
_aInside The Haveli / _cRama Mehta |
|
| 260 |
_bPenguin Books, _c1996. _aNew Zealand: |
||
| 300 | _a264p | ||
| 650 | _aEnglish Short Stories | ||
| 942 |
_cBK _2ddc _h823 _iMEH/I _k823 _mMEH/I |
||